Catálogo
 En Linea

Incorrectas interpretaciones de las escrituras desde la perspectiva hebrea / (Registro nro. 50425)

Detalles MARC
000 -CABECERA
campo de control de longitud fija 00739nam a22002297a 4500
003 - IDENTIFICADOR DEL NÚMERO DE CONTROL
campo de control DO-SdBNP
005 - FECHA Y HORA DE LA ÚLTIMA TRANSACCIÓN
campo de control 20210906144605.0
007 - CAMPO FIJO DE DESCRIPCIÓN FÍSICA--INFORMACIÓN GENERAL
campo de control de longitud fija ta
008 - DATOS DE LONGITUD FIJA--INFORMACIÓN GENERAL
campo de control de longitud fija 210906b 2019 dr 00| 0 eng d
020 ## - NÚMERO INTERNACIONAL ESTÁNDAR DEL LIBRO
Número Internacional Estándar del Libro 9789945918205
040 ## - FUENTE DE LA CATALOGACIÓN
Centro catalogador/agencia de origen DO-SdBNP
Lengua de catalogación spa
Centro/agencia transcriptor BNPHU
100 1# - ENTRADA PRINCIPAL--NOMBRE DE PERSONA
Nombre de persona Elvis de Jesús
9 (RLIN) 79760
245 1# - MENCIÓN DE TÍTULO
Título Incorrectas interpretaciones de las escrituras desde la perspectiva hebrea /
Mención de responsabilidad, etc. Elvis de Jesús, Ángel Duarte
260 ## - PUBLICACIÓN, DISTRIBUCIÓN, ETC.
Lugar de publicación, distribución, etc. Santo Domingo :
Nombre del editor, distribuidor, etc. Publicaciones Libertad,
Fecha de publicación, distribución, etc. 2019.
300 ## - DESCRIPCIÓN FÍSICA
Extensión 142 p. ;
Dimensiones 21 cm.
500 ## - NOTA GENERAL
Nota general Incluye datos biográficos de los autores en la contracubierta
504 ## - NOTA DE BIBLIOGRAFÍA, ETC.
Nota de bibliografía, etc. Bibliografúas : p. 142
590 ## - NOTA LOCAL (RLIN)
Nota local Inventariado, 2021/BT
710 1# - PUNTO DE ACCESO ADICIONAL--NOMBRE DE ENTIDAD CORPORATIVA
Nombre de entidad corporativa o nombre de jurisdicción como elemento de entrada Duarte, Ángel
9 (RLIN) 79761
910 ## - DATOS DE OPCIÓN DEL USUARIO (OCLC)
Datos de opción del usuario Btavárez
942 ## - ELEMENTOS DE PUNTO DE ACCESO ADICIONAL (KOHA)
Fuente del sistema de clasificación o colocación Dewey Decimal Classification
Tipo de ítem Koha Libro
Existencias
Estado de retiro Estado de pérdida Fuente del sistema de clasificación o colocación No para préstamo Código de colección Localización permanente Ubicación/localización actual Ubicación en estantería Fecha de adquisición Fuente de adquisición Total de préstamos Signatura topográfica completa Código de barras Fecha visto por última vez Precio válido a partir de Tipo de ítem Koha Número de copia
    Dewey Decimal Classification Excluido de préstamo Monografías: Libros y Folletos Biblioteca Nacional Pedro Henríquez Ureña Biblioteca Nacional Pedro Henríquez Ureña Depósito 06.09.2021 Depósito Legal   BNPHU PD 2021-26134 06.09.2021 06.09.2021 Libro  
    Dewey Decimal Classification Excluido de préstamo Monografías: Libros y Folletos Biblioteca Nacional Pedro Henríquez Ureña Biblioteca Nacional Pedro Henríquez Ureña Depósito 06.09.2021 Depósito Legal   BNPHU PD 2021-26140 06.09.2021 06.09.2021 Libro e.2
    Dewey Decimal Classification Préstamo en sala Monografías: Libros y Folletos Biblioteca Nacional Pedro Henríquez Ureña Dominicana En catalogación 06.09.2021 Depósito Legal   BNPHU DS 2021-26141 06.09.2021 06.09.2021 Libro e.3

Con tecnología Koha